Statistics for Every Masters Winner

Click here to take the quiz!

General Stats

  • This quiz has been taken 267 times
    (262 since last reset)
  • The average score is 39 of 88

Answer Stats

YearCountryChampion% Correct
1941United StatesCraig Wood
96%
2001United StatesTiger Woods
91%
2002United StatesTiger Woods
91%
2019United StatesTiger Woods
91%
2005United StatesTiger Woods
91%
1997United StatesTiger Woods
91%
1965United StatesJack Nicklaus
82%
1966United StatesJack Nicklaus
82%
1972United StatesJack Nicklaus
82%
1975United StatesJack Nicklaus
82%
1986United StatesJack Nicklaus
82%
1963United StatesJack Nicklaus
82%
1962United StatesArnold Palmer
74%
1958United StatesArnold Palmer
74%
1964United StatesArnold Palmer
74%
1960United StatesArnold Palmer
74%
2004United StatesPhil Mickelson
68%
2006United StatesPhil Mickelson
68%
2010United StatesPhil Mickelson
68%
2022United StatesScottie Scheffler
68%
2024United StatesScottie Scheffler
68%
2000FijiVijay Singh
68%
2012United StatesBubba Watson
66%
2014United StatesBubba Watson
66%
1977United StatesTom Watson
66%
1981United StatesTom Watson
66%
2023SpainJon Rahm
65%
2017SpainSergio Garcia
65%
2020United StatesDustin Johnson
63%
1961South AfricaGary Player
62%
1978South AfricaGary Player
62%
1974South AfricaGary Player
62%
2007United StatesZach Johnson
62%
1983SpainSeve Ballesteros
59%
1980SpainSeve Ballesteros
59%
1996EnglandNick Faldo
56%
1990EnglandNick Faldo
56%
1989EnglandNick Faldo
56%
2015United StatesJordan Spieth
55%
2021JapanHideki Matsuyama
49%
2013AustraliaAdam Scott
47%
1993GermanyBernhard Langer
47%
1985West GermanyBernhard Langer
47%
1999SpainJosé Maria Olazábal
46%
1994SpainJosé Maria Olazábal
46%
1934United StatesHorton Smith
41%
1936United StatesHorton Smith
41%
2009ArgentinaÁngel Cabrera
40%
2016EnglandDanny Willett
40%
1953United StatesBen Hogan
39%
1951United StatesBen Hogan
39%
1991WalesIan Woosnam
39%
1954United StatesSam Snead
37%
1952United StatesSam Snead
37%
1949United StatesSam Snead
37%
2003CanadaMike Weir
35%
1992United StatesFred Couples
32%
1988ScotlandSandy Lyle
31%
2011South AfricaCharl Schwartzel
26%
2018United StatesPatrick Reed
26%
1979United StatesFuzzy Zoeller
25%
1998United StatesMark O'Meara
22%
1995United StatesBen Crenshaw
21%
1984United StatesBen Crenshaw
21%
2008South AfricaTrevor Immelman
21%
1982United StatesCraig Stadler
18%
1987United StatesLarry Mize
18%
1935United StatesGene Sarazen
17%
1937United StatesByron Nelson
14%
1942United StatesByron Nelson
14%
1976United StatesRaymond Floyd
14%
1971United StatesCharles Coody
9%
1940United StatesJimmy Demaret
9%
1950United StatesJimmy Demaret
9%
1947United StatesJimmy Demaret
9%
1973United StatesTommy Aaron
9%
1959United StatesArt Wall Jr.
8%
1970United StatesBilly Casper
8%
1957United StatesDoug Ford
8%
1968United StatesBob Goalby
7%
1955United StatesCary Middlecoff
7%
1967United StatesGay Brewer
7%
1948United StatesClaude Harmon
6%
1969United StatesGeorge Archer
6%
1956United StatesJack Burke Jr.
6%
1938United StatesHenry Picard
3%
1946United StatesHerman Keiser
3%
1939United StatesRalph Guldahl
3%

Score Distribution

Percentile by Number Answered

Percent of People with Each Score

Your Score History

You have not taken this quiz since the last reset